00419nam a2200157 a 45000010005000000030009000050080041000140400028000550820015000831000021000982450032001192600034001513000010001854900027001956500039002226251CO-ViMGA141112s2004 ck r 000 u spa d aCO-ViMGAbspacCO-ViMGA04a658.3 M1221 aMaccoby, Michael10aPor que y para que trabajar aBarcelona : bGranica, c1989 a347 p aManagement y liderazgo14aADMINISTRACION DE RECURSOS HUMANOS